01017nam a2200253 a 450000100060000000300090000600800410001502000150005604000280007108200190009910000330011824500590015126000580021030000110026859000490027965000560032865000420038465000490042665000540047565000510052994200120058099900170059295201540060916279CO-ViMGA141112s2004 ck r 000 u spa d a9587010248 aCO-ViMGAbspacCO-ViMGA04a338.9861 M471d1 aMisas Arango, Gabriel92326310aDesarrollo económico y social en Colombia , Siglo XX aBogotá : bUniversidad Nacional de Colombia, c2001 a539.p. aForma de adquisición : Premio - Mincultura14aCOLOMBIA - CONDICIONES ECONOMICAS - SIGLO XX92326414aCOLOMBIA - CONDICIONES SOCIALES9871214aCOLOMBIA Política SOCIAL - SIGLO XX92326514aDESARROLLO ECONOMICO - COLOMBIA - SIGLO XX91785414aDESARROLLO SOCIAL - COLOMBIA - SIGLO XX923266 2ddccBK c26176d26176 00102ddc40708002aMEVIECARbMEVIECARd2015-12-04hVolumen. 1 | 11/jun/2009l0o338.9861 M471d p16279r2015-12-04 00:00:00tEj. 1w2015-12-04yBK